zpět

Detail výsledku týmu

Pivnice U Badinů, Brno

Datum a čas kvízu

40 Celkem bodů Celkový počet nahraných bodů na tomto kvízu bez doplňovacích otázek.
1. Pořadí na kvízu Konečné umístění týmu na tomto kvízu.

Zaznamenané odpovědi

# Otázka Odpověď Body Výsledky
1. Od minulého týdne až do 15. ří... rod Přemyslovců 1
2. Dva zkušení borci, 66letý Joha... traktory 1
3. Studio Disney vydalo minulý tý... A) budou ve znakové řeči 0
4. Španělští archeologové objevil... B 1
5. V neděli 26. dubna 2026 byl vý... v Londýně 0
6. Vědci v minulosti několikrát t... D) kofein 0
7. Světová zdravotnická organizac... o Gruzii 0
8. V červenci 2025 Senát schválil... 3 (2 a 4 za půl bodu) 1
9. Na které z fotografií se nachá... A) 0
10. Velení wehrmachtu si před začá... pervitin 1